| Поле | Название | Значение |
| |
Тип записи |
a |
| |
Библиографический уровень |
c |
| 001 |
Контрольный номер |
RU/SLIB/B/208737856 |
| 005 |
Дата корректировки |
20201206204045.1 |
| 010 |
Индекс ISBN |
__ |
| a |
ISBN |
5-7331-0198-9 |
| d |
Цена |
135-00 |
| 101 |
Язык документа |
0_ |
| a |
Язык текста |
rus |
| c |
Язык оригинала |
rus |
| 200 |
Заглавие и сведения об ответственности |
1_ |
| a |
Заглавие |
Рисунки писателей |
| e |
Сведения, относящиеся к заглавию |
сб. науч. ст. |
| f |
Первые сведения об ответственности |
сост. С. В. Денисенко ; под ред. С. А. Фомичева |
| b |
Общее обозначение материала |
Текст |
| 210 |
Выходные данные |
__ |
| a |
Место издания |
СПб. |
| c |
Издательство |
Акад. проект |
| d |
Дата издания |
2000 |
| 215 |
Физическое описание |
__ |
| a |
Объем |
448 с. |
| c |
Иллюстрации/тип воспроизводства |
ил. |
| 300 |
Общие примечания |
__ |
| a |
Общие примечания |
По материалам конференции "Рисунки петербургских писателей" |
| 330 |
Аннотация |
__ |
| a |
Аннотация |
Рассказывает о писателях, которые помимо своего творчества, отличаются умением рисовать и иллюстрировать текст. |
| 600 |
Персоналии |
__ |
| a |
Персоналии (Фамилия) |
Пушкин, А. С. |
| 600 |
Персоналии |
__ |
| a |
Персоналии (Фамилия) |
Батюшков, К. Н. |
| 600 |
Персоналии |
__ |
| a |
Персоналии (Фамилия) |
Баратынский, Е. А. |
| 600 |
Персоналии |
__ |
| a |
Персоналии (Фамилия) |
Ремизов, А. М. |
| 600 |
Персоналии |
__ |
| a |
Персоналии (Фамилия) |
Набоков, В. В. |
| 600 |
Персоналии |
__ |
| a |
Персоналии (Фамилия) |
Зарецкий, Н. |
| 600 |
Персоналии |
__ |
| a |
Персоналии (Фамилия) |
Бахрушин, А. А. |
| 606 |
Тематические рубрики |
__ |
| a |
Основная рубрика |
Литературоведение |
| 606 |
Тематические рубрики |
__ |
| a |
Основная рубрика |
Русская литература XIX в. |
| 606 |
Тематические рубрики |
__ |
| a |
Основная рубрика |
Изобразительное искусство и архитектура |
| 606 |
Тематические рубрики |
__ |
| a |
Основная рубрика |
Живопись в целом |
| 610 |
Ключевые слова |
__ |
| a |
Ключевые слова |
прозаики; писатели; поэты; художники; графики; рисунок; статьи; графика; персоналии |
| 686 |
Индексы других классификаций |
__ |
| a |
Классификационный индекс |
83.3(2Рос=Рус)1 |
| 686 |
Индексы других классификаций |
__ |
| a |
Классификационный индекс |
85.143(2); ст83.3(2Рос=Рус)1 + ст85.143(2) |
| 702 |
Вторичная интеллектуальная ответственность |
_1 |
| a |
Фамилия |
Денисенко |
| b |
Имя |
С. В. |
| 4 |
Код отношения |
Составитель |
| 4 |
Код отношения |
220 |
| 702 |
Вторичная интеллектуальная ответственность |
_1 |
| a |
Фамилия |
Фомичев |
| b |
Имя |
С. А. |
| 4 |
Код отношения |
Редактор |
| 4 |
Код отношения |
340 |
| 801 |
Источник записи |
_0 |
| a |
Страна |
RU |
| b |
Организация |
Муниципальное бюджетное учреждение культуры "Централизованная библиотечная система" г. Сургут (Центральная городская библиотека им. А. С. Пушкина) |
| g |
Правила каталогизации |
КиК/Тесленко |
| 801 |
Источник записи |
_1 |
| a |
Страна |
RU |
| b |
Организация |
Муниципальное бюджетное учреждение культуры "Централизованная библиотечная система" г. Сургут (Центральная городская библиотека им. А. С. Пушкина) |
| g |
Правила каталогизации |
КиК/Тесленко |
| 852 |
Данные о местонахождении |
__ |
| j |
Шифр хранения |
83.3(2Рос=Рус)1 |
| c |
Каталожный индекс |
83.3(2Рос=Рус)1; 85.143(2) |
| i |
Авторский знак |
Р 54 |
| 901 |
Тип документа |
1_ |
| t |
Тип документа |
x |
| 903 |
Характеристики (МАРС) |
__ |
| a |
Дата передачи |
20030418 |
| 969 |
Тип издания |
__ |
| a |
Тип издания |
сборник |
| 990 |
Данные о заказе (DOS) |
__ |
| j |
Количество экземпляров (DOS) |
3 |
| t |
N записи в КСУ для И/У (DOS) |
200304 |